Defusing the time-bomb? : report on a Seminar on Education and Training for Employment and Employment Creation in the SADCC Countries, held in Zimbabwe between April 20 and 28, 1989. (Record no. 39555)
[ view plain ]
| 000 -LEADER | |
|---|---|
| fixed length control field | 01217nam a2200193 a 4500 |
| 008 - FIXED-LENGTH DATA ELEMENTS--GENERAL INFORMATION | |
| fixed length control field | 120416s1990 ||||||||||||||||| || u |
| 020 ## - INTERNATIONAL STANDARD BOOK NUMBER | |
| International Standard Book Number | 9991200223 |
| 050 ## - LIBRARY OF CONGRESS CALL NUMBER | |
| Classification number | HD 5701.5 Int |
| 110 ## - MAIN ENTRY--CORPORATE NAME | |
| Corporate name or jurisdiction name as entry element | Seminar on Education and Training for Employment and Employment Creation in the SADCC Countries (1989 : Harare, Zimbabwe and Victoria Falls, Zimbabwe) |
| 245 10 - TITLE STATEMENT | |
| Title | Defusing the time-bomb? : report on a Seminar on Education and Training for Employment and Employment Creation in the SADCC Countries, held in Zimbabwe between April 20 and 28, 1989. |
| 246 ## - VARYING FORM OF TITLE | |
| Title proper/short title | defusing the time-bomb? |
| 260 ## - PUBLICATION, DISTRIBUTION, ETC. | |
| Place of publication, distribution, etc. | Gaborone |
| Name of publisher, distributor, etc. | International Foundation for Education with Production |
| Date of publication, distribution, etc. | 1990 |
| 300 ## - PHYSICAL DESCRIPTION | |
| Extent | viii, 328 p. |
| 350 ## - PRICE (NR) (BK AM CF MU VM SE) [OBSOLETE] | |
| Price | 0.00 |
| 500 ## - GENERAL NOTE | |
| General note | 'The seminar was jointly organised by the Zimbabwe Ministries of Education, the Dag Hammarskjold Foundation and the International Foundation for Education with Production'--T.p. verso. -Includes bibliographical references. |
| 650 ## - SUBJECT ADDED ENTRY--TOPICAL TERM | |
| Topical term or geographic name entry element | LABOUR |
| 650 ## - SUBJECT ADDED ENTRY--TOPICAL TERM | |
| Topical term or geographic name entry element | LABOR SUPPLY--AFRICA, SOUTHERN--EFFECT OF EDUCATION ON--CONGRESSES |
| 995 ## - RECOMMENDATION 995 [LOCAL, UNIMARC FRANCE] | |
| -- | 0.00 |
| -- | CBU-MAIN LIBRARY (Kitwe) |
| -- | 1 |
| -- | 18.50 |
| -- | 1 |
| -- | AVAILABLE |
| -- | Annex Low-Usage Collection |
| Withdrawn status | Lost status | Source of classification or shelving scheme | Damaged status | Not for loan | Home library | Current library | Shelving location | Date acquired | Total Checkouts | Full call number | Barcode | Date last seen | Price effective from | Koha item type |
|---|---|---|---|---|---|---|---|---|---|---|---|---|---|---|
| CBU-MAIN LIBRARY, KITWE. | CBU-MAIN LIBRARY, KITWE. | 11/30/2022 | HD 5701.5 Int | 024010 | 11/30/2022 | 11/30/2022 | MONOGRAPH |